000 00603nam a22001697a 4500
003 OSt
005 20260325153352.0
008 260325b |||||||| |||| 00| 0 eng d
040 _cMRSPTU
041 _aEnglish
100 _aPriyanka Chandolia, Supervisor: Dr. Puneet Kumar
245 _aNeuroprotective Effect of Silymarin Against 3-Nitropropionic Acid Induced Huntington's Like Symptoms In Rats
260 _bDepartment of Pharmacy, MRSPTU, Bathinda
_c2020
650 _aPharmaceutical Sciences and Technology
856 _uhttp://163.47.215.52:8080/jspui/handle/123456789/91
942 _2ddc
_cTH
_n0
999 _c11261
_d11261